[Event "Hamburg CC Easter op 4th"]
[Site "Hamburg"]
[Date "2018.04.01"]
[Round "5"]
[White "Schlierf, Heiko"]
[Black "Jorgensen, Soren Berg"]
[Result "1/2-1/2"]
[WhiteElo "1890"]
[BlackElo "2149"]
[PlyCount "78"]
[EventDate "2018.03.30"]
[EventType "swiss"]
[EventRounds "7"]
[EventCountry "GER"]
[SourceTitle "CBM 183 Extra"]
[Source "ChessBase"]
[SourceDate "2018.04.19"]
[SourceVersion "1"]
[SourceVersionDate "2018.04.19"]
[SourceQuality "1"]

1. Nf3 d5 2. g3 Bg4 3. Bg2 Nd7 4. d4 e6 5. Nbd2 Ngf6 6. c3 Bd6 7. a4 0-0 8. 0-0 Re8 9. Ne1 e5 10. h3 Be6 11. dxe5 Nxe5 12. f4 Nc6 13. Nd3 Ne4 14. Kh2 f5 15. Nf3 Bf7 16. Qc2 a5 17. Nd4 Qf6 18. Nb5 Bh5 19. Bf3 Qg6 20. Rg1 Bxf3 21. exf3 Nc5 22. Rg2 Re7 23. Nxd6 Qxd6 24. b3 Nxd3 25. Qxd3 Qd7 26. Ba3 Ree8 27. Rd1 Rad8 28. Rgd2 Qe6 29. Bc5 b6 30. Bf2 Qf6 31. Qc2 Qf7 32. Kg2 Rd6 33. Re1 Rxe1 34. Bxe1 d4 35. Bf2 Qd7 36. cxd4 Nxd4 37. Bxd4 Rxd4 38. Rxd4 Qxd4 39. Qxf5 Qd2+ 1/2-1/2

[Event "Oberliga Nord W 1718"]
[Site "Germany"]
[Date "2017.10.08"]
[Round "1.7"]
[White "Virag, Attila Aba"]
[Black "Schlierf, Heiko"]
[Result "1/2-1/2"]
[WhiteElo "2265"]
[BlackElo "1846"]
[PlyCount "76"]
[EventDate "2017.10.08"]
[EventType "team-tourn"]
[EventRounds "9"]
[EventCountry "GER"]
[SourceTitle "EXT 2019"]
[Source "ChessBase"]
[SourceDate "2018.10.10"]
[SourceVersion "1"]
[SourceVersionDate "2018.10.10"]
[SourceQuality "1"]
[WhiteTeam "Liste Turm"]
[BlackTeam "Lingen"]
[WhiteTeamCountry "GER"]
[BlackTeamCountry "GER"]

1. e4 d5 2. e5 c5 3. f4 Nc6 4. c3 Qc7 5. Na3 a6 6. Nc2 b5 7. Nf3 Bg4 8. Be2 e6 9. 0-0 Nge7 10. Kh1 Nf5 11. Ne3 Nxe3 12. dxe3 Be7 13. a4 b4 14. Bd2 Bf5 15. cxb4 cxb4 16. Nd4 Nxd4 17. exd4 0-0 18. Rc1 Qb6 19. Be3 Rfc8 20. Qb3 Qb7 21. Kg1 Rxc1 22. Rxc1 Rc8 23. Qd1 Rxc1 24. Qxc1 Kf8 25. Kf2 Ke8 26. g4 Be4 27. Kg3 Kd8 28. Qf1 a5 29. f5 Qc7 30. fxe6 fxe6 31. Bd3 Bxd3 32. Qxd3 g6 33. Qa6 Kd7 34. Qb5+ Kd8 35. h4 Bf8 36. Qf1 Ke8 37. h5 Be7 38. Qd3 Qc4 1/2-1/2

[Event "Daehne-Cup Niedersachsen"]
[Site "Lehrte"]
[Date "2016.09.10"]
[Round "1"]
[White "Schlierf, Heiko"]
[Black "Koch, Yannick"]
[Result "0-1"]
[WhiteElo "1803"]
[BlackElo "1935"]
[PlyCount "102"]
[EventDate "2016.09.10"]
[EventType "k.o."]
[EventRounds "3"]
[EventCountry "GER"]
[SourceTitle "EXT 2020"]
[Source "ChessBase"]
[SourceDate "2019.10.17"]
[SourceVersion "1"]
[SourceVersionDate "2019.10.17"]
[SourceQuality "1"]

1. Nf3 Nf6 2. g3 d5 3. Bg2 e6 4. 0-0 Be7 5. c4 0-0 6. d4 dxc4 7. Qc2 a6 8. a4 Bd7 9. Nbd2 Bc6 10. Nxc4 Be4 11. Qd1 c5 12. Bd2 Nc6 13. dxc5 Bxc5 14. Bc3 Qe7 15. Qc1 Nd5 16. Ncd2 Nxc3 17. bxc3 Bg6 18. e4 Rfd8 19. Qb2 Rd7 20. h3 Rad8 21. Kh2 Rd3 22. Qc2 R8d7 23. Nd4 Rxc3 24. Nxc6 Rxc2 25. Nxe7+ Rxe7 26. Rac1 Rxd2 27. Rxc5 h6 28. h4 e5 29. Rc8+ Kh7 30. g4 f6 31. f3 Be8 32. a5 Bc6 33. Kg3 Red7 34. g5 R7d3 35. Re1 fxg5 36. hxg5 hxg5 37. Rf8 g4 38. Bf1 Rxf3+ 39. Rxf3 gxf3 40. Kxf3 Ra2 41. Bc4 Rxa5 42. Bf7 Ra3+ 43. Kg4 g6 44. Kg5 Kg7 45. Be6 Rg3+ 46. Kh4 Rf3 47. Rd1 Kf6 48. Bc8 Rf4+ 49. Kg3 Rxe4 50. Rd6+ Kg5 51. Re6 a5 0-1

[Event "Lingen op 4th"]
[Site "Lingen"]
[Date "2012.07.20"]
[Round "1"]
[White "Schlierf, Heiko"]
[Black "Hoffmann, Lukas"]
[Result "0-1"]
[WhiteElo "1858"]
[BlackElo "2173"]
[PlyCount "60"]
[EventDate "2012.07.20"]
[EventType "swiss"]
[EventRounds "5"]
[EventCountry "GER"]
[SourceTitle "EXT 2013"]
[Source "ChessBase"]
[SourceDate "2012.11.22"]
[SourceVersion "1"]
[SourceVersionDate "2012.11.22"]
[SourceQuality "1"]

1. f4 Nf6 2. Nf3 d6 3. d4 c5 4. e3 g6 5. c3 Nbd7 6. Qa4 Qc7 7. Na3 Bg7 8. Bd3 0-0 9. 0-0 a6 10. f5 Nb6 11. Qd1 Bxf5 12. Bxf5 gxf5 13. Nd2 e6 14. Qf3 d5 15. Qh3 Ne4 16. Rf4 Nd7 17. Nxe4 fxe4 18. Rh4 h6 19. Nc2 f5 20. b3 Rf7 21. Ba3 c4 22. Rc1 cxb3 23. axb3 Qxc3 24. Rxh6 Bxh6 25. Qxh6 Nf8 26. Bxf8 Raxf8 27. Qg6+ Rg7 28. Qxe6+ Rff7 29. Qxd5 Qd2 30. Qd8+ Rf8 0-1

[Event "Niedersachsen-ch op"]
[Site "Verden"]
[Date "2009.01.05"]
[Round "6"]
[White "Hampel, Felix"]
[Black "Schlierf, Heiko"]
[Result "1-0"]
[WhiteElo "1956"]
[BlackElo "1898"]
[PlyCount "43"]
[EventDate "2009.01.03"]
[EventType "swiss"]
[EventRounds "7"]
[EventCountry "GER"]
[SourceTitle "EXT 2012"]
[Source "ChessBase"]
[SourceDate "2011.11.24"]
[SourceVersion "1"]
[SourceVersionDate "2011.11.24"]
[SourceQuality "1"]

1. e4 d6 2. d4 g6 3. Nc3 Bg7 4. Be3 Nd7 5. Qd2 h5 6. Nge2 e5 7. d5 f5 8. f4 Nh6 9. 0-0-0 Ng4 10. Bg1 0-0 11. h3 Nh6 12. Kb1 fxe4 13. Nxe4 Nf6 14. Ng5 Qe7 15. fxe5 Qxe5 16. Nc3 Re8 17. Bd4 Qe7 18. Bb5 Bd7 19. Rhe1 Qf8 20. Bxf6 Rxe1 21. Rxe1 Bxb5 22. Bxg7 1-0

[Event "Niedersachsen-ch op"]
[Site "Verden"]
[Date "2009.01.04"]
[Round "4"]
[White "Knobel, Joachim"]
[Black "Schlierf, Heiko"]
[Result "0-1"]
[WhiteElo "1351"]
[BlackElo "1898"]
[PlyCount "98"]
[EventDate "2009.01.03"]
[EventType "swiss"]
[EventRounds "7"]
[EventCountry "GER"]
[SourceTitle "EXT 2012"]
[Source "ChessBase"]
[SourceDate "2011.11.24"]
[SourceVersion "1"]
[SourceVersionDate "2011.11.24"]
[SourceQuality "1"]

1. e4 d6 2. d4 g6 3. Nf3 Bg7 4. Be3 Nf6 5. Nc3 0-0 6. Be2 c6 7. 0-0 a5 8. a4 Na6 9. Qd2 Re8 10. Rad1 Qc7 11. e5 dxe5 12. dxe5 Nh5 13. Bd4 Nb4 14. Bc4 Bf5 15. Ng5 e6 16. Bb3 Bxe5 17. Bxe5 Qxe5 18. Qd7 Qf6 19. Nce4 Qe7 20. Qd4 Nd5 21. h3 Bxe4 22. Nxe4 Rad8 23. Bxd5 exd5 24. Nc5 b6 25. Nd3 c5 26. Qg4 Qe4 27. Qg5 f6 28. Qh6 Qxa4 29. g4 Ng7 30. c3 Re4 31. f3 Re2 32. b3 Qa2 33. Nf2 Qxb3 34. Rb1 Rb2 35. Rbe1 Qxc3 36. Re7 f5 37. gxf5 Qf6 38. Rfe1 Rb1 39. Rxb1 Qxe7 40. Qf4 Nxf5 41. Rxb6 Qe1+ 42. Kg2 Ne3+ 43. Kg3 Qg1+ 44. Kh4 Qxf2+ 45. Kg5 Qg2+ 46. Kh6 Qxh3+ 47. Kg5 Qh5+ 48. Kf6 Rf8+ 49. Ke6 Rxf4 0-1

[Event "Niedersachsen-ch"]
[Site "Verden"]
[Date "2008.01.03"]
[Round "2"]
[White "Carmesin, Matthias"]
[Black "Schlierf, Heiko"]
[Result "1/2-1/2"]
[WhiteElo "1549"]
[BlackElo "1931"]
[PlyCount "76"]
[EventDate "2008.01.03"]
[EventType "swiss"]
[EventRounds "7"]
[EventCountry "GER"]
[SourceTitle "EXT 2010"]
[Source "ChessBase"]
[SourceDate "2010.11.25"]
[SourceVersion "1"]
[SourceVersionDate "2010.11.25"]
[SourceQuality "1"]

1. e4 d6 2. Nf3 g6 3. d4 Bg7 4. Bc4 Nf6 5. Nc3 0-0 6. 0-0 c6 7. Qe2 a5 8. a4 Na6 9. Bg5 Qc7 10. Rfe1 Bg4 11. Rad1 Nb4 12. Bb3 h6 13. Bh4 Nh5 14. Qe3 Kh8 15. h3 Bxf3 16. Qxf3 e5 17. dxe5 Bxe5 18. Ne2 Na6 19. Qe3 Kh7 20. c3 Nc5 21. Bc2 Ne6 22. f3 Rae8 23. Bf2 c5 24. g3 g5 25. Kg2 Qc6 26. Rh1 Rg8 27. h4 Nhf4+ 28. Kf1 Nxe2 29. Kxe2 f6 30. hxg5 fxg5 31. Qd3 Kg7 32. Bb3 Rgf8 33. Qb5 Qxb5+ 34. axb5 b6 35. Bd5 Rf6 36. Be1 Nc7 37. Bc6 Ref8 38. Rf1 Ne6 1/2-1/2

[Event "Bad Woerishofen op 23th"]
[Site "Bad Woerishofen"]
[Date "2007.03.10"]
[Round "3"]
[White "Bangert, Ruediger"]
[Black "Schlierf, Heiko"]
[Result "0-1"]
[WhiteElo "1779"]
[BlackElo "1970"]
[PlyCount "74"]
[EventDate "2007.03.08"]
[EventType "swiss"]
[EventRounds "9"]
[EventCountry "GER"]
[SourceTitle "EXT 2012"]
[Source "ChessBase"]
[SourceDate "2011.11.24"]
[SourceVersion "1"]
[SourceVersionDate "2011.11.24"]
[SourceQuality "1"]

1. d4 f5 2. c4 Nf6 3. Nc3 e6 4. Bg5 Be7 5. Bxf6 Bxf6 6. Nf3 0-0 7. e3 b6 8. Be2 Bb7 9. Qd2 Na6 10. 0-0 Qe7 11. a3 d6 12. Rfe1 e5 13. d5 Nc5 14. Qc2 Bc8 15. Rab1 g6 16. b4 Nb7 17. Nd2 Qg7 18. e4 f4 19. Qd1 h5 20. Kh1 Nd8 21. Rg1 Nf7 22. Nf3 Qh6 23. Qf1 Kh7 24. h3 g5 25. Nh2 Bd8 26. Qd1 g4 27. hxg4 hxg4 28. Bxg4 Bxg4 29. Qxg4 Ng5 30. Ne2 Nxe4 31. Qf3 Rh8 32. g3 Ng5 33. Qg4 f3 34. Qd7+ Qg7 35. Qxg7+ Kxg7 36. Nc3 Bf6 37. Nd1 Rxh2+ 0-1

[Event "Niedersachsen-ch op"]
[Site "Verden"]
[Date "2007.01.05"]
[Round "6"]
[White "Raum, Sebastian"]
[Black "Schlierf, Heiko"]
[Result "0-1"]
[WhiteElo "1634"]
[BlackElo "1961"]
[PlyCount "80"]
[EventDate "2007.01.04"]
[EventType "swiss"]
[EventRounds "7"]
[EventCountry "GER"]
[SourceTitle "EXT 2021"]
[Source "ChessBase"]
[SourceDate "2020.10.23"]
[SourceVersion "1"]
[SourceVersionDate "2020.10.23"]
[SourceQuality "1"]

1. e4 d6 2. d4 Nf6 3. Nc3 g6 4. f4 Bg7 5. Nf3 c5 6. Be3 Ng4 7. Qd2 Nxe3 8. Qxe3 cxd4 9. Nxd4 Qb6 10. 0-0-0 Nc6 11. Bb5 0-0 12. Bxc6 bxc6 13. Rhe1 Rb8 14. Nb3 Be6 15. h3 h5 16. Rd2 Qxe3 17. Rxe3 Rfe8 18. Nd4 Bd7 19. e5 dxe5 20. Nde2 exf4 21. Rf3 Red8 22. Kb1 e5 23. Ne4 Bf5 24. Rxd8+ Rxd8 25. Rd3 Rxd3 26. cxd3 Bxe4 27. dxe4 f5 28. Nc3 Kf7 29. Kc2 Ke6 30. Kd3 Bf8 31. a3 g5 32. b4 g4 33. hxg4 fxg4 34. Ne2 h4 35. Ng1 a6 36. Kc4 Bd6 37. a4 Bb8 38. b5 cxb5+ 39. axb5 axb5+ 40. Kxb5 Ba7 0-1

[Event "Dortmund Sparkassen op-A"]
[Site "Dortmund"]
[Date "2006.08.06"]
[Round "9"]
[White "Heining, Thomas"]
[Black "Schlierf, Heiko"]
[Result "1-0"]
[WhiteElo "2084"]
[BlackElo "1947"]
[PlyCount "40"]
[EventDate "2006.07.28"]
[EventType "swiss"]
[EventRounds "9"]
[EventCountry "GER"]
[SourceTitle "CBM 113 Extra"]
[Source "ChessBase"]
[SourceDate "2006.09.14"]
[SourceVersion "1"]
[SourceVersionDate "2006.09.14"]
[SourceQuality "1"]

1. e4 d6 2. d4 Nf6 3. Nc3 g6 4. f4 Bg7 5. Nf3 0-0 6. Bd3 c6 7. Be3 a5 8. Qd2 Na6 9. h3 Nb4 10. 0-0 Nxd3 11. cxd3 Nh5 12. Kh2 Bh8 13. g4 Ng7 14. f5 h5 15. Qg2 hxg4 16. hxg4 e5 17. d5 Qd7 18. Qh3 Ne8 19. Ng5 f6 20. fxg6 fxg5 1-0

[Event "Dortmund Sparkassen op-A"]
[Site "Dortmund"]
[Date "2006.08.05"]
[Round "8"]
[White "Schlierf, Heiko"]
[Black "Holtmannspoetter, Thomas"]
[Result "1-0"]
[WhiteElo "1947"]
[BlackElo "1719"]
[PlyCount "47"]
[EventDate "2006.07.28"]
[EventType "swiss"]
[EventRounds "9"]
[EventCountry "GER"]
[SourceTitle "CBM 113 Extra"]
[Source "ChessBase"]
[SourceDate "2006.09.14"]
[SourceVersion "1"]
[SourceVersionDate "2006.09.14"]
[SourceQuality "1"]

1. f4 d5 2. Nf3 Nf6 3. e3 Bf5 4. Be2 c5 5. d3 g6 6. 0-0 Bg7 7. Qe1 Nc6 8. Bd1 0-0 9. Nbd2 Qb6 10. Kh1 Rfd8 11. h3 Qc7 12. e4 Be6 13. e5 Ne8 14. Ng5 Nd4 15. Ndf3 Nxf3 16. Bxf3 Qd7 17. Qh4 h6 18. Nxe6 Qxe6 19. g4 Qa6 20. Bd2 e6 21. a4 Rac8 22. b4 cxb4 23. Bxb4 Rxc2 24. Qxd8 1-0

[Event "Dortmund op-A"]
[Site "Dortmund"]
[Date "2005.07.09"]
[Round "2"]
[White "Butschek, Tanja"]
[Black "Schlierf, Heiko"]
[Result "1-0"]
[WhiteElo "2025"]
[BlackElo "1717"]
[PlyCount "81"]
[EventDate "2005.07.08"]
[EventType "swiss"]
[EventRounds "9"]
[EventCountry "GER"]
[SourceTitle "CBM 107 Extra"]
[Source "ChessBase"]
[SourceDate "2005.09.01"]
[SourceVersion "1"]
[SourceVersionDate "2005.09.01"]
[SourceQuality "1"]

1. e4 d6 2. d4 Nf6 3. Nc3 g6 4. f4 Bg7 5. Nf3 0-0 6. Be3 c6 7. Qd2 b5 8. Bd3 Bb7 9. h3 Nbd7 10. 0-0-0 Nb6 11. f5 Nc4 12. Bxc4 bxc4 13. Bh6 Qa5 14. Qg5 Rfe8 15. Bxg7 Kxg7 16. e5 Ng8 17. f6+ Kh8 18. fxe7 dxe5 19. Nxe5 Kg7 20. Nxf7 Qxg5+ 21. Nxg5 Rxe7 22. Rhe1 Rae8 23. Rxe7+ Rxe7 24. Nge4 c5 25. d5 Nf6 26. Nxf6 Kxf6 27. g4 Ke5 28. Kd2 a6 29. Re1+ Kd6 30. Rxe7 Kxe7 31. Ke3 Bc8 32. Ne4 h5 33. Kf4 hxg4 34. hxg4 Bd7 35. Nxc5 c3 36. b3 Bb5 37. Ke5 Be2 38. d6+ Kd8 39. g5 Bd1 40. d7 Bxc2 41. Kd6 1-0